Music Quiz

Random Music or Popular Quiz
Score 0/10 Timer 05:00
0 Plays Today
Place Song Title % Correct
1Kill Yourself (Part III)
92.9%
2Paris
92.9%
6O Pana!
85.7%
7$outh $ide $uicide (feat. Pouya)
85.7%
32nd Hand
78.6%
10...And To Those I Love, Thanks For Sticking Around
71.4%
4Carrollton
64.3%
5Runnin' Thru The 7th With My Woadies (feat. Pouya)
64.3%
9Putrid Pride
42.9%
8My Flaws Burn Through My Skin Like Demonic Flames from Hell
28.6%
Remove Ads.
Support Sporcle.
Get the best of Sporcle when you Go Orange. This ad-free experience offers more features, more stats, and more fun while also helping to support Sporcle. Thank you for becoming a member.

You're not logged in!

Compare scores with friends on all Sporcle quizzes.
OR
Log In

Sporcle TV

Today on Sporcle TV


Watch our educational content, quiz creation guides, and fun videos on Sporcle TV.

Show Comments

Extras

Top Quizzes Today


Score Distribution

Paid Content

Your Account Isn't Verified!

In order to create a playlist on Sporcle, you need to verify the email address you used during registration. Go to your Sporcle Settings to finish the process.

Report this User

Report this user for behavior that violates our Community Guidelines.

Details: